<?xml version="1.0" encoding="UTF-8"?>
<record
    xmlns:xsi="http://www.w3.org/2001/XMLSchema-instance"
    xsi:schemaLocation="http://www.loc.gov/MARC21/slim http://www.loc.gov/standards/marcxml/schema/MARC21slim.xsd"
    xmlns="http://www.loc.gov/MARC21/slim">

  <leader>01041nam a2200229   4500</leader>
  <controlfield tag="005">20240301132745.0</controlfield>
  <controlfield tag="008">240301b        dr |||||||| |||| 00| 0 spa d</controlfield>
  <datafield tag="020" ind1=" " ind2=" ">
    <subfield code="a">9789993462699</subfield>
  </datafield>
  <datafield tag="050" ind1="0" ind2="4">
    <subfield code="a">F1938.25.S7</subfield>
    <subfield code="b">L63 2007</subfield>
  </datafield>
  <datafield tag="100" ind1="1" ind2=" ">
    <subfield code="a">Lockward, Angel.</subfield>
  </datafield>
  <datafield tag="245" ind1="1" ind2="0">
    <subfield code="a">Informes secretos : </subfield>
    <subfield code="b">de Trujillo a Franco</subfield>
    <subfield code="c">/ &#xC1;ngel Lockward, [Francisco Alonso].</subfield>
  </datafield>
  <datafield tag="260" ind1=" " ind2=" ">
    <subfield code="a">Rep&#xFA;blica Dominicana : </subfield>
    <subfield code="b">Universidad Auton&#xF3;ma de Santo Domingo ; Ciudad Universitaria, Distrito Nacional, </subfield>
    <subfield code="b">Editora Universitaria, UASD,</subfield>
    <subfield code="c">2007.</subfield>
  </datafield>
  <datafield tag="300" ind1=" " ind2=" ">
    <subfield code="a">316 paginas. ; </subfield>
    <subfield code="c">23 cm. </subfield>
  </datafield>
  <datafield tag="490" ind1=" " ind2=" ">
    <subfield code="a">Colecci&#xF3;n : Historia y Sociedad ; </subfield>
    <subfield code="v">N&#xB0;123</subfield>
  </datafield>
  <datafield tag="500" ind1=" " ind2=" ">
    <subfield code="a">"Documentos de la Rep&#xFA;blica"</subfield>
  </datafield>
  <datafield tag="600" ind1="1" ind2=" ">
    <subfield code="a">Franco, Francisco, </subfield>
    <subfield code="d">1892-1975.</subfield>
    <subfield code="q">(Francisco Franco Bahamonde)</subfield>
  </datafield>
  <datafield tag="600" ind1="1" ind2=" ">
    <subfield code="a">Trujillo Molina, Rafael Le&#xF3;nidas,</subfield>
    <subfield code="d">1891-1961.</subfield>
  </datafield>
  <datafield tag="651" ind1=" " ind2="7">
    <subfield code="2">lemb </subfield>
    <subfield code="a">Rep&#xFA;blica Dominicana </subfield>
    <subfield code="v">Fuentes</subfield>
    <subfield code="x">Relaciones exteriores </subfield>
    <subfield code="z">Espa&#xF1;a </subfield>
  </datafield>
  <datafield tag="651" ind1=" " ind2="7">
    <subfield code="2">lemb </subfield>
    <subfield code="a">Espa&#xF1;a </subfield>
    <subfield code="v">Fuentes</subfield>
    <subfield code="x">Relaciones exteriores</subfield>
    <subfield code="y">Siglo XX</subfield>
    <subfield code="z">Rep&#xFA;blica Dominicana</subfield>
  </datafield>
  <datafield tag="700" ind1="1" ind2=" ">
    <subfield code="a">Alonso, Francisco.</subfield>
  </datafield>
  <datafield tag="942" ind1=" " ind2=" ">
    <subfield code="2">lcc</subfield>
    <subfield code="n">0</subfield>
    <subfield code="c">LIB</subfield>
  </datafield>
  <datafield tag="999" ind1=" " ind2=" ">
    <subfield code="c">169945</subfield>
    <subfield code="d">169943</subfield>
  </datafield>
  <datafield tag="952" ind1=" " ind2=" ">
    <subfield code="1">0</subfield>
    <subfield code="2">lcc</subfield>
    <subfield code="4">0</subfield>
    <subfield code="7">0</subfield>
    <subfield code="a">INV-033</subfield>
    <subfield code="b">INV-033</subfield>
    <subfield code="c">GENERAL</subfield>
    <subfield code="d">2024-03-01</subfield>
    <subfield code="e">DON</subfield>
    <subfield code="f">1a ed.</subfield>
    <subfield code="k">CSA</subfield>
    <subfield code="l">0</subfield>
    <subfield code="o">F1938.25.S7 L63 2007</subfield>
    <subfield code="p">IIH000035994</subfield>
    <subfield code="r">2024-03-01 13:27:05</subfield>
    <subfield code="t">1</subfield>
    <subfield code="v">1.00</subfield>
    <subfield code="y">LIB</subfield>
  </datafield>
</record>
